ALL MARIO KART ITEMS WITHIN ALL THE MARIO KART GAMES!! - Statistics

General Stats
  • This quiz has been taken 747 times
  • The average score is 25 of 35
Answer Stats
Hint Answer % Correct
item that gives you a boost mushroom
99%
item that makes the player slip banana
98%
this item is a shell, its the shell that flys up and hits the player who is in first place spiny shell
95%
this item is a shell, its the shell that goes in a straight line and can bank off the walls without breaking. green shell
94%
this item is a shell, its the shell that follows the player that is in front of you, aka (heat seeking shell) red shell
94%
item that gives you unlimited boosts for however long this item lasts Golden mushroom
93%
this item makes you invisible and invincible for period of time, and also steals an item from another player and gives it to you. boo
92%
this item makes your racer gold and invincible for a short time star
92%
this item strikes every single racer on the course except the racer who used it, it makes them spin out and shrink. lightning bolt
88%
this item gives the racer 2 coins to add to their total of coins coin
86%
This item gives the racer a huge massive boost. (hint: its not a kind of mushroom, and the color of it is black) bullet bill
84%
this item is a group of the items that make you slip triple banana
81%
this item allows you to throw fireballs for a certain amount of time fire flower
80%
this item splashes ink onto your screen making the screen black. blooper
78%
this item is a trick to other players. It looks like an item box but is a different color you can throw it in front of you or drop it behind you, fake item box
78%
This item makes the racer much much bigger allowing you to stomp on other racers mega mushroom
76%
Item that hovers over your head and over a period of time strikes you with a lightning bolt, unless you hit another car and pass this item onto them thunder cloud
76%
in Mario kart double dash this item is toad and toadettes special item golden mushroom
75%
this item attaches to the front of the racers car and bites at other racers and other items. when it chomps the racer gets a little speed boost. piranha plant
69%
this item is a group of items that gives you a boost triple mushroom
68%
this items when used causes a quake that bumps all other racers off the ground. pow block
67%
in Mario kart double dash this item is yoshi and birdos "special item" egg
63%
in Mario kart double dash this item is baby mario and baby luigis "special item" chain chomp
60%
this item when used sends out a sonic wave around the racer hitting other racers or disrupting other items super horn
60%
in Mario kart double dash this item is Mario and luigi's "special" item fireball
59%
in Mario kart double dash this item is bowser and bowser jr's special item bowser shell
58%
this item makes the kart do a 360 jump. feather
58%
this items allows racers to throw boomerangs at opponents and stunning them. boomerang flower
57%
this item gives you 7 items at once lucky 7
56%
in Mario kart double dash this item is donkey kong and diddy kong's special item giant banana
55%
this item gives you a tail that can deflect other items. super leaf
54%
in Mario kart double dash this item is peach and daisy's "special item" heart
53%
This item gives you 8 items at once crazy 8
51%
in Mario kart double dash this item is the Koopas special item triple shells
49%
in Mario kart double dash this item is wario and waluigis special item Bob-omb
46%
No matching quizzes found
Score Distribution
Percent of People with Each Score
Percentile by Number Answered
Your Score History
You have not taken this quiz